00000000nam 2200000zi 4500
0019.945777
003CaOODSP
00520241129142201
006m     o  d f      
007cr mn|||||||||
008241129e197711##onca    o    f000 0 fre d
040 |aCaOODSP|bfre|erda|cCaOODSP
043 |ae-fi---|ae-sw---|ae-no---
0861 |aId32-16/1977F-PDF
24500|aMission d'étude technique sur l'aboutage du bois de charpente dans les pays nordiques.
264 1|aOttawa, Canada : |bDivision des produits primaires du bois, Direction de la transformation des richesses naturelles (52), Ministère de l'industrie et du commerce, |cnovembre 1977.
300 |a1 ressource en ligne (92 pages) : |billustrations
336 |atexte|btxt|2rdacontent/fre
337 |ainformatique|bc|2rdamedia/fre
338 |aressource en ligne|bcr|2rdacarrier/fre
500 |aPublié aussi en anglais sous le titre : Technical study tour of structural lumber finger-jointing in Nordic countries.
500 |aÉdition numérisée de l'imprimé [par Innovation, sciences et développement économique Canada].
650 6|aBois|xCommerce|zFinlande.
650 6|aBois|xCommerce|zSuède.
650 6|aBois|xCommerce|zNorvège.
650 6|aMenuiserie|zFinlande.
650 6|aMenuiserie|zSuède.
650 6|aMenuiserie|zNorvège.
7101 |aCanada. |bIndustrie et commerce. |bDirection de la transformation des richesses naturelles, |eorganisme de publication.
77508|tTechnical study tour of structural lumber finger-jointing in Nordic countries.|w(CaOODSP)9.934279
85640|qPDF|s1.24 Mo|uhttps://publications.gc.ca/collections/collection_2024/isde-ised/Id32-16-1977-fra.pdf